banner koha

D. Leopoldina, Imperatriz e Maria do Brasil: (Registro n. 260061)

MARC details
000 -LÍDER
Campo de controle fixo 00673nam a22002297a 4500
003 - CÓDIGO MARC DA AGÊNCIA CATALOGADORA
Campo de controle BR-BrBNA
005 - DATA E HORA DA ÚLTIMA ATUALIZAÇÃO
Campo de controle 20240111150729.0
008 - CAMPO DE TAMANHO FIXO
Campo fixo de controle 231215b bl.||||| |||| 00| 0 por d
020 ## - ISBN - INTERNATIONAL STANDARD BOOK NUMBER
ISBN 9788540206687
040 ## - FONTE DA CATALOGAÇÃO
Agência catalogadora BR-BrBNA
Idioma da catalogação por
041 ## - CÓDIGO DO IDIOMA
Código do Idioma por
072 ## - CATEGORIA DE CLASSIFICAÇÃO
Código da categoria de assunto B59
100 ## - ENTRADA PRINCIPAL - NOME PESSOAL
Nome pessoal Menck, José Theodoro Mascarenhas.
245 ## - TÍTULO PRINCIPAL
Título principal D. Leopoldina, Imperatriz e Maria do Brasil:
Subtítulo obra comemorativa dos 200 anos da vinda de D. Leopoldina para o Brasil /
260 ## - IMPRENTA (PUBLICAÇÃO, DISTRIBUIÇÃO, ETC.)
Lugar de publicação, distribuição, etc. Brasília:
Nome do editor, distribuidor, etc. Câmara dos Deputados,
Data de publicação, distribuição, etc 2017.
300 ## - DESCRIÇÃO FÍSICA
Extensão 144 p.
650 ## - ASSUNTO
Cabeçalho tópico ou nome geográfico HISTÓRIA
650 ## - ASSUNTO
Cabeçalho tópico ou nome geográfico HISTORIA DO BRASIL
909 ## - IDENTIFICAÇÃO DO CATALOGADOR
Ano e mês da catalogação (aaaamm) 12/2023
Identificação do catalogador Sarah
942 ## - TIPO ESPECÍFICO
Tipo de material Livros
Exemplares
Status de empréstimo Fonte de classificação Status de danificação Não pode ser emprestado Código da coleção Localização permanente Localização atual Localização na estante Total Checkouts Número de chamada Código de barras Date last seen Tipo de material Perdido Data de aquisição Fonte de aquisição Qualificador de localização codificada Preço Número de inventário Preço para reposição Preço efetivo a partir de Enumeração de periódico
  Classificação AGRIS     Acervo Cultural Espaço Ceres - QVT/MAPA Espaço Ceres - QVT/MAPA Acervo Cultural   B59 BS2023000390 2024-0023 15/12/2023 Livros                  
  Classificação AGRIS     Acervo Cultural Espaço Ceres - QVT/MAPA Espaço Ceres - QVT/MAPA Acervo Cultural   B59 BS2023000390 2023-437359 15/12/2023 Livros                 V 2
  Classificação AGRIS     Acervo Cultural Espaço Ceres - QVT/MAPA Espaço Ceres - QVT/MAPA Acervo Cultural   B59 BS2023000390 2023-437372 18/12/2023 Livros                 V 3
  Classificação AGRIS     Acervo Cultural Espaço Ceres - QVT/MAPA Espaço Ceres - QVT/MAPA Acervo Cultural   B59 BS2023000390 2023-437373 18/12/2023 Livros                 V 4
  Classificação AGRIS     Acervo Cultural Espaço Ceres - QVT/MAPA Espaço Ceres - QVT/MAPA Acervo Cultural   B59 BS2023000390 2023-437374 18/12/2023 Livros                 V 5
  Classificação AGRIS     Acervo Cultural Espaço Ceres - QVT/MAPA Espaço Ceres - QVT/MAPA Acervo Cultural   B59 BS2023000390 2023-437375 18/12/2023 Livros                 V 6

BINAGRI

Telefone: (61)3218-2567/2388/3357/2097 - binagri@agro.gov.br

Ministério da Agricultura e Pecuária , Esplanada dos Ministérios, Bloco D, Anexo B, Brasília/DF, CEP: 70.043-900